00337nam a2200133Ia 4500008004100000041000800041082001200049100001700061245004000078260003600118300003200154365001100186440000600197240624s9999 xx 000 0 und d aeng a300 BHA aKUMAR DHARMA aCAMBRIDGE ECONOMIC HISTORY OF INDIA c2008aHyderabadbOrient Longman axli, : 1115 : p. : cm. ; 21 cRSb31 v1